القانون المدني الأردني رقم 43 لسنة 1976 / (رقم التسجيلة. 35884)

تفاصيل مارك
000 -الفاتح
عناصر البيانات ثابتة الطول 00634cam a2200181 i 4500
005 - تاريخ ووقت آخر معاملة
حقل ضبط 20260126120254.0
008 - عناصر البيانات ثابتة الطول
عناصر البيانات ثابتة الطول 250721s2001 jo gr 000 0 ara d
082 14 - رقم تصنيف ديوي العشري
رقم التصنيف 347.565
رقم المادة غ ي ث
100 1# - مدخل رئيسي – اسم شخصي
الاسم الشخصي غيث، عزت
علاقة الشخص بالعمل/ دوره معد.
245 12 - بيان العنوان
العنوان القانون المدني الأردني رقم 43 لسنة 1976 /
بيان المسؤولية عزت غيث.
264 31 - بيانات النشر، التوزيع…إلخ
مكان النشر، التوزيع...إلخ عمان :
اسم الناشر، الموزع...إلخ دار قنديل للنشر والتوزيع،
تاريخ النشر، التوزيع...إلخ 2001.
300 ## - الوصف المادي
عدد الوحدات المكونة للوعاء 382 صفحة.
490 0# - بيان السلسلة
عنوان السلسلة سلسلة التشريعات القضائية ؛
رقم الوعاء في السلسلة 2
650 17 - مدخل إضافي بالموضوع - مصطلح موضوعي
مصطلح موضوعي أو اسم جغرافي كعنصر مدخل القانون المدني.
650 17 - مدخل إضافي بالموضوع - مصطلح موضوعي
مصطلح موضوعي أو اسم جغرافي كعنصر مدخل الأردن.
942 ## - بيانات إضافية (كوها)
نوع التنصيف Dewey Decimal Classification
نوع المادة (كوها) كتب
المقتنيات
حالة السحب حالة الفقدان مصدر التصنيف حالة التلف غير قابل للإعارة المكتبة الرئيسية المكتبة الحالية موقع الرف تاريخ التزويد الرقم المتسلسل Total Checkouts رقم الإستدعاء الباركود تاريخ آخر ظهور تاريخ الفاتورة نوع المادة (كوها)
    Dewey Decimal Classification     المكتبة المركزية المكتبة المركزية الإعارة 06/07/2004 502177   347.565 / غ ي ث 502177 28/07/2025 06/07/2004 كتب
    Dewey Decimal Classification Unchecked   مكتبة الأميرة ايمان العامة مكتبة الأميرة ايمان العامة الإعارة 28/07/2025 502181   347.565/غيث   28/07/2025 28/07/2025 كتب
    Dewey Decimal Classification     مكتبة الجويدة مكتبة الجويدة الإعارة 22/06/2015 502185   347.565/غيث PLD00333402 28/07/2025 22/06/2015 كتب
    Dewey Decimal Classification   Not For Loan مكتبة تاريخ الأردن مكتبة تاريخ الأردن لا يعار 11/11/2009 1335298   347.565/غيث PLD00118715 28/07/2025 11/11/2009 كتب
    Dewey Decimal Classification     مكتبة حمزة العامة مكتبة حمزة العامة الإعارة 30/01/2016 502187   347.565/غيث PLD00370449 28/07/2025 30/01/2016 كتب
    Dewey Decimal Classification     مكتبة صويلح العامة مكتبة صويلح العامة الإعارة 06/07/2004 502182   347.565/غيث 502182 28/07/2025 06/07/2004 كتب
Implemented & Customized by: BBB with SCIT (Smart Chains for Information Technology)

Powered by Koha